00374cam a2200157ua 45000010005000000080039000050400009000440410008000530820009000611000028000702450051000982500009001492600036001583000009001946530013002037435141210n ii |||gr||||Z||||||ben cMAIN aben a2945 aSastri, H. B.,eAuthor.1 aTantraparichaycBy Hukhmay Bhattacharya Sastri a1st. aKolkatta:bBiswabharati,c1962. a97p. aHinduism